000 01124cam a2200313 i 4500
001 18613542
005 20260115095553.0
008 150511s2015 nyu 001 0 eng
010 _a 2015018005
020 _a9781626981515 (pbk.)
040 _aDLC
_beng
_cDLC
_erda
_dDLC
042 _apcc
050 0 0 _aBR128.B8
_bK55 2015
082 0 0 _a261.243
_223
100 1 _aKnitter, Paul F.
_924475
245 1 0 _aJesus and Buddha :
_bfriends in conversation /
_cPaul Knitter, Roger Haight.
264 1 _aMaryknoll, New York :
_bOrbis Books,
_c[2015]
300 _axvii, 253 pages ;
_c21 cm
336 _atext
_btxt
_2rdacontent
337 _aunmediated
_bn
_2rdamedia
338 _avolume
_bnc
_2rdacarrier
500 _aS-KN: Ashin Khemānanda
500 _aIncludes index.
650 0 _aChristianity and other religions
_xBuddhism.
_96398
650 0 _aBuddhism
_xRelations
_xChristianity.
_96397
906 _a7
_bcbc
_corignew
_d1
_eecip
_f20
_gy-gencatlg
942 _2ddc
_cBK1
999 _c24792
_d24792